| 000 | 01024nam a2200289Ia 4500 | ||
|---|---|---|---|
| 005 | 20260324130515.0 | ||
| 008 | 008 260324s9999 xx 000 0 eng d | ||
| 020 | _a9781315221564 | ||
| 037 | _aEBOOK | ||
| 040 | _aCRL | ||
| 040 | _beng | ||
| 040 | _cCRL | ||
| 041 | _2eng | ||
| 041 | _aeng | ||
| 084 | _qCRL | ||
| 100 |
_aGuofei Jiang; Gerald Baumgartner; S Masoud Sadjadi; Richard Anthony; Mohamed T Ibrahim; Tom De Wolf; Karsten Schwan; Nagarajan Kandasamy; Mazin Yousif; Tom Holvoet; Alan Ganek; Dejan Milojicic; Mario Lauria; John Sweitzer; Mohamed N. Bennani; Thomas Heinis; Lenitra Durham; Sherif Abdelwahed; Manish Parashar; Salim Hariri; David Bustard; Robert van Renesse _91182045 |
||
| 245 | 0 | _aAutonomic Computing | |
| 245 | 0 | _bConcepts, Infrastructure, and Applications | |
| 260 | _bTaylor and Francis | ||
| 260 | _c2007 | ||
| 365 | _a | ||
| 365 | _b340 | ||
| 856 | _uhttp://www.taylorfrancis.com/books/9781315221564 | ||
| 942 | _cEBOOK | ||
| 999 |
_c1778262 _d1778262 |
||